Análisis de leyes complementarias a la reforma procesal penal

Saved in:
Bibliografiske detaljer
Hovedforfatter: Piedrabuena Richard, Guillermo (Author)
Format: Bog
Sprog:spansk
Udgivet: Santiago Ministerio Público 2002
Fag:
Tags: Tilføj Tag
Ingen Tags, Vær først til at tagge denne postø!

MARC

LEADER 00000nam a2200000 a 4500
001 UCM9178
003 CL-VaPUC
008 030411e20020000CL |||||||||||||||||spa|d
082 0 4 |a 345.8305  |b PIE  |2 21 
100 0 |a Piedrabuena Richard, Guillermo  |e author  |9 475631 
245 1 0 |a Análisis de leyes complementarias a la reforma procesal penal 
300 |a 401 p 
942 |c BK 
945 |d 20030411 00:00:00  |a cmena 
260 |a Santiago  |b Ministerio Público  |c 2002 
650 0 |a Reforma procesal penal   |9 471095 
650 7 |a DERECHO PENAL CHILENO  |2 CL-VaPUC  |9 475632 
583 |a last modification  |c 20030411 00:00:00  |k Rodrigo Vera 
999 |c 303554  |d 303552 
952 |0 0  |1 0  |4 0  |6 345_830500000000000_PIE_2002  |7 0  |8 A  |9 364939  |a BIBDER  |b BIBDER  |d 2019-11-21  |i 389245K  |o 345.8305 PIE 2002  |p 389245K  |r 2023-01-25  |w 2019-11-21  |y BK  |k DER